| 000 | 00740 a2200169 4500 | ||
|---|---|---|---|
| 003 | Nust | ||
| 005 | 20170207153201.0 | ||
| 040 | _cNust | ||
| 082 | _a516.24 | ||
| 100 | _aHearley M.J.G | ||
| 245 |
_aModern Trigonometry _cHearley M.J.G |
||
| 260 |
_aNew York _bThomas Nelson _c1944. |
||
| 300 | _a168:p | ||
| 505 | _aUnits, Ratios, Angles (Page-9), Similar Triangles And Scale Drawing (Page-19), Trigonometrical Ratios (Page-30), Applications Of Trigonometrical Ratios To Plane Figures (Page-54), Applications To Other Branches Of Study (Page-83), Definitions Of The Ratios For All Angles (Page-101), The Solution Of Triangles (Page-124), Mathematical Tables (Page-148). | ||
| 538 | _aAlmirah No. 14 Shelf No. 1 | ||
| 650 | _aModern Trigonometry | ||
| 942 |
_2ddc _cBK |
||
| 999 |
_c181010 _d181010 |
||